Chah kheti (Record no. 9685)

MARC details
000 -LEADER
fixed length control field 00535cam a2200205ua 4500
008 - FIXED-LENGTH DATA ELEMENTS--GENERAL INFORMATION
fixed length control field 200819n ii |||gr||||Z||||||asm
040 ## - CATALOGING SOURCE
Transcribing agency MAIN
041 ## - LANGUAGE CODE
-- asm
082 ## - DEWEY DECIMAL CLASSIFICATION NUMBER
Classification number 633.72
100 ## - MAIN ENTRY--PERSONAL NAME
Personal name Anirban Kumar Goswami,
Relator term
245 ## - TITLE STATEMENT
Title Chah kheti
Remainder of title (chah kheti samparkiya sarathi puthi)
250 ## - EDITION STATEMENT
Edition statement 6th ed.
260 ## - PUBLICATION, DISTRIBUTION, ETC.
Place of publication, distribution, etc. Jorhat:
Name of publisher, distributor, etc. Grantha sanskriti,
Date of publication, distribution, etc. 2014.
300 ## - PHYSICAL DESCRIPTION
Extent 156p.
700 ## - ADDED ENTRY--PERSONAL NAME
Personal name Manoj Kumar Goswami,
Relator term
942 ## - ADDED ENTRY ELEMENTS (KOHA)
Koha item type Books
653 ## - INDEX TERM--UNCONTROLLED
Uncontrolled term Field & plantation crops
653 ## - INDEX TERM--UNCONTROLLED
Uncontrolled term Tea cultivation
Holdings
Withdrawn status Lost status Damaged status Not for loan Home library Current library Shelving location Date acquired Total Checkouts Full call number Barcode Date last seen Copy number Price effective from Koha item type
        Central Library, Naharkatiya College Central Library, Naharkatiya College General Stacks 19/09/2020   633.72 | GOS 25505 19/09/2020 1 19/09/2020 Books

Naharkatiya College © 2020. All rights reserved.

Powered By